• 首页
  • 本馆介绍
  • 公告通知
  • 最新文献
  • 馆藏检索
  • 电子资源
  • 读者导购
  • 参考咨询
  • 我的图书馆
  • 登录
  • 详细信息显示
  • 放入我的书架
  • 预约/预借图书
  • 作者相关作品
  • 分类相关作品
  • 丛书相关作品
  • 出版社相关作品

书目信息

  • 表格格式
  • 工作单格式
  • 卡片格式
题名:
何日君再来
    
 
作者: 王菲 编著
分册:  
出版信息: 北京   现代出版社  2004
页数: 245页
开本: 23cm
丛书名:
单 册:
中图分类: K815.76=5
科图分类:
主题词: 歌唱--演员--生平事迹--世界--现代
电子资源:
ISBN: 7-80188-327-6
000 01256nam0 2200325 450
000 01221nam0 2200313 450
000 01184nam0 2200301 450
000 01134nam0 2200301 450
000 01097nam0 2200289 450
000 01030nam0 2200265 450
001 0104000022
005 20061027101322.27
010    @a7-80188-327-6@dCNY25.00
100    @a20050927d2004 em y0chiy0110 ea
101 0  @achi
102    @aCN@b110000
105    @aa z 000yc
200 1  @a何日君再来@Ahe ri jun zai lai@e纪念我们热爱的歌坛老友@f王菲等编著@Fwang fei deng bian zhu
210    @a北京@c现代出版社@d2004
215    @a245页@c照片@d23cm
330    @a本书系统地介绍了在流行音乐史上有一定影响的10名已故音乐人,包括:邓丽君、陈百强、黄家驹、张雨生、罗文、张国荣、梅艳芳、猫王、列侬、卡伦、卡朋特。全书以比较文学的方式描述了他们的人生、事业、成就简介,并附有大量图片。
510 1  @aYesterday Once More@zeng
517 1  @a纪念我们热爱的歌坛老友@9ji nian wo men re ai de ge tan lao you
606 0  @a歌唱@x演员@x生平事迹@y世界@z现代
690    @aK815.76=5@v4
701  0 @a王菲@9wang fei@4编著
801  0 @aCN@b北京荣雅伟业图书经销中心@c20061027
905    @aBZT@dK815.76=5@e1
906    @dCNY25.00@n0@r1
    
    何日君再来:纪念我们热爱的歌坛老友/王菲等编著.-北京:现代出版社,2004
    245页:照片;23cm
    
    
    ISBN 7-80188-327-6:CNY25.00
    本书系统地介绍了在流行音乐史上有一定影响的10名已故音乐人,包括:邓丽君、陈百强、黄家驹、张雨生、罗文、张国荣、梅艳芳、猫王、列侬、卡伦、卡朋特。全书以比较文学的方式描述了他们的人生、事业、成就简介,并附有大量图片。
●
相关链接 在五车中查询图书 在当当中查询图书 在豆瓣中查询图书


正题名:何日君再来     索取号:K815.76=5/1         预约/预借

序号 登录号 条形码 馆藏地/架位号 状态 备注
1 512186   230091561   中心书库南/019架A面4层7列/ [索取号:K815.76=5/1] 在馆    
2 512187   230091559   中心书库南/019架A面4层7列/ [索取号:K815.76=5/1] 在馆    
3 512188   230091564   中心书库南/019架A面4层7列/ [索取号:K815.76=5/1] 在馆    
4 512189   230091563   中心书库南/019架A面4层7列/ [索取号:K815.76=5/1] 在馆    
5 512190   230091566   中心书库南/019架A面4层7列/ [索取号:K815.76=5/1] 在馆    
山东省滨州职业学院图书馆 欢迎您!
大连网信软件有限公司© 版权所有